000 00690nam a2200241 i 4500
001 C2-0306898
003 PPAK
005 20180728093512.0
008 101220s1996 enka|||| ||||| | eng d
020 _a1850322775
040 _aPPAK
_beng
_cPPAK
_erda
082 0 4 _a006.33
_223
090 0 0 _a006.33
_bSMI
_dKK
100 1 _aSmith,Peter,
_eauthor
245 1 3 _aAn introduction to knowledge engineering
264 1 _aLondon :
_bInternational Thomson Computer Press ,
_c1996
300 _a228 pages :
_billustrations ;
_c25 cm
336 _2rdacontent
_atext
337 _2rdamedia
_aunmediated
338 _2rdacarrier
_avolume
650 1 0 _aKnowledge engineering.
942 _ddc
_cB
999 _c109722
_d109722